Bordism, stable homotopy, and Adams spectral sequences /
Guardado en:
| Autor Principal: | |
|---|---|
| Formato: | Libro |
| Idioma: | English |
| Publicado: |
Providence, R.I. :
American Mathematical Society,
c1996.
|
| Series: | Fields Institute monographs,
7 |
| Etiquetas: |
Agregar Etiqueta
Sin Etiquetas, Sea el primero en etiquetar este registro!
|
| LEADER | 00720nam a22001935a 4500 | ||
|---|---|---|---|
| 001 | MAT.inmabb000057 | ||
| 008 | 960610s1996####riua#####b####001#0#eng## | ||
| 005 | 20130311132412.0 | ||
| 245 | 1 | 0 | |a Bordism, stable homotopy, and Adams spectral sequences / |c S. O. Kochman. |
| 260 | |a Providence, R.I. : |b American Mathematical Society, |c c1996. | ||
| 300 | |a xiii, 272 p. ; |c 27 cm. | ||
| 440 | 0 | |a Fields Institute monographs, |x 1069-5273 ; |v 7 | |
| 504 | |a Includes bibliographical references (p. 263-268) and index. | ||
| 510 | 4 | |a MR, |c 97i:55017 | |
| 020 | |a 0821806009 | ||
| 100 | 1 | |a Kochman, Stanley O., |d 1946- | |
| 084 | |a 55P42 (55N20 55N22 55Q45 55R40 55T15) |2 msc2000 | ||
| 010 | |a 96026795 | ||
| 859 | |h 55 |i K76 |p A-7754 |b BIB. MATEMATICA | ||
